00466nam a2200133Ia 4500008004100000020001800041082001900059100003500078245009800113260002300211300001100234500001400245650007300259120629s9999 xx 000 0 und d a968-24-6869-8 a659.1042 B453f aBeltrán y Cruces, Raúl E. aFundamentación del anuncio publicitario: genesis del anuncio / Raúl E. Beltrán y Cruces aMéxico : Trillas a172 p. aÍndices a1. PUBLICIDAD-ASPECTOS PSICOLOGICOS \ 2. LETREROS \ 3. PROPAGANDAÌ